000 00472 a2200157 4500
005 20250620091244.0
020 _a978-81-203-3792-3
082 _a658.7SUD
100 _asUDALAIMUTHU. S
245 _aLogistics Management For International Business,; Text and Cases
250 _aeastern Economy Edition
260 _aNew Delhi,
_bAsoke K. Ghosh,
_c2014.
300 _axx,; 380p,; ill, table, figure, picture
_bIndex,
_c23cm
700 _aAnthony. Raj. S
942 _2ddc
_cBKS
999 _c4494
_d4494